| 000 | 00680nam a2200217 a 4500 | ||
|---|---|---|---|
| 001 | 4084 | ||
| 005 | 20140414131855.0 | ||
| 008 | 081222s19uu xx 00 eng d | ||
| 020 | _a0-590-48032-4 | ||
| 050 |
_aM 973 _bH86 1995 |
||
| 100 | _aHudson, Wade. | ||
| 245 |
_aFive brave explorers / _cby Wade Hudson ; illustrated by Ron Garnett. |
||
| 260 |
_aNew York : _bScholastic, _cc1995. |
||
| 300 | _a48 p. : ill. (some col.), col. | ||
| 440 | _aGreat Black heroes | ||
| 500 | _a"Cartwheel books." Grade 2-3. Ages 7-9. | ||
| 650 |
_aAfrican American explorers _xBiography _xJuvenile literature. |
||
| 700 | _aGarnett, Ron, ill. | ||
| 999 |
_c110397 _d110397 |
||